[Event "FIDE Women’s World Rapid Championships 2024"]
[White "Serikbay, Assel"]
[Black "Mammadzada, Gunay"]
[Site "New York, USA"]
[Round "1"]
[Board "39"]
[Result "0-1"]
[Date "2024.12.26"]
[WhiteElo "2121"]
[BlackElo "2319"]
[PlyCount "108"]
[GameId "2127263735591085"]
[EventDate "2024.12.26"]
[EventType "rapid"]
[EventRounds "11"]
[EventCountry "FID"]

1. d4 Nf6 2. c4 e6 3. g3 d5 4. Nf3 Be7 5. Bg2 O-O 6. O-O dxc4 7. Qc2 a6 8. a4 Bd7 9. Qxc4 Bc6 10. Rd1 Bd5 11. Qc2 Nc6 12. Bf4 Nb4 13. Qc1 Bb3 14. Rd2 Ne4 15. Ne5 Nxd2 16. Nxd2 Bd5 17. e4 Bc6 18. Qc4 Be8 19. d5 f6 20. Ng4 b5 21. Qxc7 e5 22. Qxd8 Rxd8 23. Nxe5 fxe5 24. Bxe5 Bc5 25. Nf3 Bh5 26. Bd4 Nc2 27. Bxc5 Nxa1 28. Bxf8 Bxf3 29. Be7 Bxg2 30. Bxd8 Bxe4 31. axb5 axb5 32. d6 Kf7 33. d7 Bf5 34. f4 Bxd7 35. Kf2 Nc2 36. Bb6 Nb4 37. Bd4 Nd5 38. Kf3 h5 39. Ke4 Ne7 40. Bc5 Ke6 41. h3 Bc6+ 42. Ke3 Bg2 43. g4 Bxh3 44. f5+ Kf7 45. gxh5 Nxf5+ 46. Kf4 Nh6 47. Be3 Kg8 48. Bd4 Kh7 49. Kg5 Nf7+ 50. Kf4 Bf1 51. Ke3 Kh6 52. Bc3 Nd8 53. Kd4 Kxh5 54. Ke5 g5 0-1

[Event "FIDE Women’s World Rapid Championships 2024"]
[White "Lu, Miaoyi"]
[Black "Mamedjarova, Turkan"]
[Site "New York, USA"]
[Round "1"]
[Board "40"]
[Result "1/2-1/2"]
[Date "2024.12.26"]
[WhiteElo "2317"]
[BlackElo "2109"]
[PlyCount "120"]
[GameId "2127263735591086"]
[EventDate "2024.12.26"]
[EventType "rapid"]
[EventRounds "11"]
[EventCountry "FID"]

1. e4 e5 2. Nf3 Nc6 3. Bb5 a6 4. Ba4 Nf6 5. O-O Be7 6. d3 b5 7. Bb3 d6 8. a3 O-O 9. Nc3 Bg4 10. Be3 Qd7 11. h3 Bh5 12. g4 Nxg4 13. hxg4 Qxg4+ 14. Kh2 Nd4 15. Bxd4 Qf4+ 16. Kg2 exd4 17. Nd5 Qg4+ 18. Kh2 Bd8 19. Rg1 Qxf3 20. Qxf3 Bxf3 21. Rg3 Bh5 22. Rag1 Kh8 23. Rh3 g6 24. Nf4 Bf6 25. Nxh5 gxh5 26. Rxh5 Be5+ 27. Kh3 Rg8 28. Rxg8+ Rxg8 29. Rf5 Rg6 30. f4 Bg7 31. Rxf7 Rf6 32. Kg4 Rxf7 33. Bxf7 Bh6 34. Kf5 Kg7 35. Be8 Kf8 36. Bc6 Ke7 37. b4 Bg7 38. Bb7 Kd7 39. Bxa6 c6 40. Bb7 Kc7 41. Ba8 Bh6 42. e5 dxe5 43. Kxe5 Bg7+ 44. Kf5 Bf8 45. Kf6 c5 46. bxc5 Bxc5 47. f5 h5 48. Kg7 Bxa3 49. f6 Kb6 50. f7 Ka5 51. Bc6 h4 52. f8=Q Bxf8+ 53. Kxf8 h3 54. Ke7 Kb4 55. Kd6 h2 56. Be4 Kc3 57. Kc5 b4 58. Kb5 Kxc2 59. Kxb4 h1=Q 60. Bxh1 Kxd3 1/2-1/2

[Event "FIDE Women’s World Rapid Championships 2024"]
[White "Nilssen, Ellen Fredericia"]
[Black "Wagner, Dinara"]
[Site "New York, USA"]
[Round "1"]
[Board "41"]
[Result "0-1"]
[Date "2024.12.26"]
[WhiteElo "2071"]
[BlackElo "2307"]
[PlyCount "78"]
[GameId "2127263735595183"]
[EventDate "2024.12.26"]
[EventType "rapid"]
[EventRounds "11"]
[EventCountry "FID"]

1. d4 Nf6 2. c4 e6 3. Nc3 Bb4 4. e3 O-O 5. Bd2 d5 6. Nf3 Nbd7 7. Rc1 c6 8. a3 Bd6 9. Bd3 dxc4 10. Bxc4 Qe7 11. O-O e5 12. dxe5 Nxe5 13. Nxe5 Bxe5 14. f4 Bxc3 15. Rxc3 Bf5 16. Bd3 Be4 17. Qc2 Rad8 18. Rd1 Rd5 19. Be1 Rfd8 20. Rd2 Qe6 21. Bxe4 Qxe4 22. Qxe4 Nxe4 23. Rxd5 Rxd5 24. Rc2 Rd3 25. Re2 f5 26. g3 Kf7 27. Kg2 Ke6 28. Kf3 h5 29. h3 g6 30. g4 Rd1 31. Bh4 Rf1+ 32. Kg2 Rd1 33. Kf3 Rd2 34. gxh5 gxh5 35. Be1 Rd1 36. Kg2 Kd5 37. Bh4 Kc4 38. Be7 Kd3 39. Kf3 Rf1+ 0-1

[Event "FIDE Women’s World Rapid Championships 2024"]
[White "Sargsyan, Anna M."]
[Black "Paragua, Megan Althea"]
[Site "New York, USA"]
[Round "1"]
[Board "42"]
[Result "1/2-1/2"]
[Date "2024.12.26"]
[WhiteElo "2306"]
[BlackElo "2017"]
[PlyCount "89"]
[GameId "2127263735595184"]
[EventDate "2024.12.26"]
[EventType "rapid"]
[EventRounds "11"]
[EventCountry "FID"]

1. e4 c5 2. Nf3 e6 3. d4 cxd4 4. Nxd4 Nf6 5. Nc3 Nc6 6. Ndb5 Bb4 7. Nd6+ Ke7 8. Bf4 e5 9. Nf5+ Kf8 10. Bg5 d5 11. Bxf6 Qxf6 12. Qxd5 Bxf5 13. exf5 Qxf5 14. Bd3 Qf6 15. O-O Bxc3 16. bxc3 g6 17. Rab1 Rb8 18. Be4 Kg7 19. Qc5 Rhe8 20. Rfe1 a6 21. h3 Nd8 22. Rb6 Qe7 23. Qa5 Rc8 24. Reb1 Qc7 25. Qa4 Re6 26. Rxe6 Nxe6 27. Rxb7 Qxc3 28. Bd5 Nd8 29. Qd7 Nxb7 30. Qxf7+ Kh6 31. Bxb7 Qc7 32. Qf3 Rb8 33. Be4 Kg7 34. g3 Qc5 35. Kg2 Rf8 36. Qe2 Rf6 37. c4 Qd4 38. Bd5 e4 39. h4 h5 40. a4 a5 41. Qe1 Kh6 42. Qe2 Kg7 43. Qe1 Kh6 44. Qe2 Kg7 45. Qe1 1/2-1/2

[Event "FIDE Women’s World Rapid Championships 2024"]
[White "Kaldarova, Ayaulym"]
[Black "Abrahamyan, Tatev"]
[Site "New York, USA"]
[Round "1"]
[Board "43"]
[Result "1/2-1/2"]
[Date "2024.12.26"]
[WhiteElo "2011"]
[BlackElo "2305"]
[PlyCount "62"]
[GameId "2127263735595185"]
[EventDate "2024.12.26"]
[EventType "rapid"]
[EventRounds "11"]
[EventCountry "FID"]

1. Nf3 Nf6 2. c4 e6 3. g3 d5 4. Bg2 Be7 5. O-O O-O 6. b3 c5 7. cxd5 Nxd5 8. Bb2 Nc6 9. d4 cxd4 10. Nxd4 Nxd4 11. Qxd4 Bf6 12. Qd2 Bxb2 13. Qxb2 Nf6 14. Nc3 Rb8 15. Rfd1 Bd7 16. e4 Qa5 17. b4 Qh5 18. b5 Rbc8 19. Rac1 Rfd8 20. h3 Be8 21. Rxd8 Rxd8 22. a4 b6 23. Ne2 Nd7 24. Nf4 Qe5 25. Qxe5 Nxe5 26. Rc7 Rd1+ 27. Kh2 Rd2 28. Kg1 Rd1+ 29. Kh2 Rd2 30. Kg1 Rd1+ 31. Kh2 Rd2 1/2-1/2

[Event "FIDE Women’s World Rapid Championships 2024"]
[White "Bodnaruk, Anastasia"]
[Black "Munkhzul, Davaakhuu"]
[Site "New York, USA"]
[Round "1"]
[Board "44"]
[Result "1-0"]
[Date "2024.12.26"]
[WhiteElo "2302"]
[BlackElo "2006"]
[PlyCount "97"]
[GameId "2127263735595186"]
[EventDate "2024.12.26"]
[EventType "rapid"]
[EventRounds "11"]
[EventCountry "FID"]

1. e4 e5 2. Nf3 Nc6 3. Bb5 a6 4. Ba4 Nf6 5. O-O Be7 6. Re1 b5 7. Bb3 d6 8. c3 O-O 9. h3 Nb8 10. d4 Nbd7 11. Nbd2 Bb7 12. Bc2 Re8 13. Nf1 Bf8 14. Ng3 g6 15. Bg5 h6 16. Bd2 Bg7 17. a4 Nb6 18. Qc1 Kh7 19. b3 bxa4 20. bxa4 a5 21. Qb1 Qd7 22. Be3 Nc4 23. Bb3 Nxe3 24. Rxe3 exd4 25. cxd4 c5 26. d5 Rab8 27. Qa2 Qc7 28. Bc4 Bc8 29. Rd1 Nd7 30. Bb5 Re7 31. Ne2 Qd8 32. Qc2 Qb6 33. Nc3 Ne5 34. Nd2 Ba6 35. Rb1 Qa7 36. Kh1 Reb7 37. f4 Nd7 38. Nc4 Bd4 39. Ree1 Bxc3 40. Qxc3 Bxb5 41. axb5 Rxb5 42. Rxb5 Rxb5 43. Nxd6 Rb4 44. Nxf7 Qb8 45. e5 Rxf4 46. e6 Nf6 47. d6 Rd4 48. Qxc5 Rd2 49. Qe3 1-0

[Event "FIDE Women’s World Rapid Championships 2024"]
[White "Sultanbek, Zeinep"]
[Black "Danielian, Elina"]
[Site "New York, USA"]
[Round "1"]
[Board "45"]
[Result "1-0"]
[Date "2024.12.26"]
[WhiteElo "2001"]
[BlackElo "2301"]
[PlyCount "103"]
[GameId "2127263735595187"]
[EventDate "2024.12.26"]
[EventType "rapid"]
[EventRounds "11"]
[EventCountry "FID"]

1. Nf3 c5 2. g3 g6 3. Bg2 Bg7 4. O-O Nc6 5. c4 e6 6. Nc3 Nge7 7. b3 O-O 8. Bb2 d5 9. e3 d4 10. Na4 b6 11. exd4 cxd4 12. b4 Nxb4 13. Nxd4 Rb8 14. Qb3 Bxd4 15. Qxb4 Nf5 16. Nc3 Bb7 17. Ne4 Bxb2 18. Qxb2 Nd4 19. Rfe1 Rc8 20. d3 Rc7 21. h4 h5 22. Qd2 Bxe4 23. Rxe4 Qf6 24. Rb1 Rd8 25. Rf4 Qg7 26. g4 hxg4 27. Rxg4 Rc5 28. Re1 Rh5 29. Qf4 e5 30. Qg3 Nf5 31. Qxe5 Qxe5 32. Rxe5 Rxd3 33. Bd5 Rd1+ 34. Kh2 Kg7 35. Kh3 Rd3+ 36. f3 Rd2 37. Be4 Kf6 38. Rd5 Rxa2 39. Rd7 Ke6 40. Rc7 Ne3 41. Rg1 a5 42. Re1 Ng2 43. Bxg6+ Nxe1 44. Bxh5 f5 45. Rc6+ Ke5 46. Rxb6 Nd3 47. Rb5+ Kf6 48. Be8 a4 49. c5 a3 50. Ra5 Nf4+ 51. Kg3 Nh5+ 52. Bxh5 1-0

[Event "FIDE Women’s World Rapid Championships 2024"]
[White "Munguntuul, Batkhuyag"]
[Black "Lesbekova, Assel"]
[Site "New York, USA"]
[Round "1"]
[Board "46"]
[Result "1-0"]
[Date "2024.12.26"]
[WhiteElo "2299"]
[BlackElo "1973"]
[PlyCount "75"]
[GameId "2127263735595188"]
[EventDate "2024.12.26"]
[EventType "rapid"]
[EventRounds "11"]
[EventCountry "FID"]

1. e4 c6 2. Nc3 d5 3. Nf3 Bg4 4. h3 Bxf3 5. Qxf3 e6 6. Be2 Nf6 7. O-O Nbd7 8. d4 dxe4 9. Nxe4 Nxe4 10. Qxe4 Nf6 11. Qd3 Bd6 12. Bg5 h6 13. Bh4 g5 14. Bg3 Nd5 15. Qb3 b5 16. a4 b4 17. Rae1 h5 18. Bf3 Ne7 19. Be5 Bxe5 20. dxe5 Qb6 21. a5 Qxa5 22. Qe3 g4 23. hxg4 hxg4 24. Bxg4 Nd5 25. Qf3 Qd8 26. g3 Qg5 27. Kg2 Rg8 28. Re4 Ke7 29. c4 bxc3 30. bxc3 Rab8 31. c4 Nb4 32. Rf4 Rg7 33. Bh5 Rf8 34. Qa3 Qxf4 35. Qxb4+ Ke8 36. Qb8+ Ke7 37. Qd6+ Ke8 38. Rd1 1-0

[Event "FIDE Women’s World Rapid Championships 2024"]
[White "Castillo Beitia, Ashley Alexandra"]
[Black "Foisor, Sabina-Francesca"]
[Site "New York, USA"]
[Round "1"]
[Board "47"]
[Result "1-0"]
[Date "2024.12.26"]
[WhiteElo "1927"]
[BlackElo "2296"]
[PlyCount "101"]
[GameId "2127263735599285"]
[EventDate "2024.12.26"]
[EventType "rapid"]
[EventRounds "11"]
[EventCountry "FID"]

1. d4 d5 2. c4 c6 3. Nc3 Nf6 4. Nf3 a6 5. Qb3 dxc4 6. Qxc4 b5 7. Qb3 e6 8. Bg5 Be7 9. e3 O-O 10. Be2 Nbd7 11. O-O h6 12. Bh4 c5 13. Ne5 c4 14. Qc2 Bb7 15. Bf3 Bxf3 16. Nxf3 Nd5 17. Bg3 N7b6 18. e4 Nxc3 19. bxc3 Bd6 20. Rfd1 Bxg3 21. hxg3 Qe7 22. Ne5 Rfc8 23. Rab1 Na4 24. Rb4 f6 25. Nxc4 Ra7 26. d5 a5 27. d6 Qd8 28. Rxb5 Rxc4 29. Qb3 Nxc3 30. Rb8 Ne2+ 31. Kf1 Nxg3+ 32. fxg3 Rc8 33. Qxe6+ Kh7 34. Rxc8 Qb6 35. Qf5+ g6 36. Qxf6 Qa6+ 37. Kg1 Qxc8 38. e5 Qg4 39. Qf3 Qe6 40. Qe3 Rf7 41. Qd4 Rd7 42. Qd5 Qg4 43. e6 Rg7 44. d7 Qxg3 45. d8=Q Qe3+ 46. Kh1 a4 47. Qf6 a3 48. Qxg7+ Kxg7 49. Qd4+ Qxd4 50. Rxd4 Kf6 51. Re4 1-0

[Event "FIDE Women’s World Rapid Championships 2024"]
[White "Yu, Jennifer"]
[Black "Noshin, Anjum"]
[Site "New York, USA"]
[Round "1"]
[Board "48"]
[Result "1-0"]
[Date "2024.12.26"]
[WhiteElo "2296"]
[BlackElo "1910"]
[PlyCount "57"]
[GameId "2127263735599286"]
[EventDate "2024.12.26"]
[EventType "rapid"]
[EventRounds "11"]
[EventCountry "FID"]

1. c4 c6 2. Nf3 d5 3. e3 Nf6 4. Nc3 e6 5. Qc2 Nbd7 6. b3 Bd6 7. Bb2 b6 8. cxd5 exd5 9. d4 Bb7 10. Bd3 O-O 11. O-O h6 12. Ne2 c5 13. Ng3 Re8 14. Nf5 Bf8 15. Rac1 Rc8 16. Qe2 g6 17. Ng3 Ne4 18. Ne5 Nxe5 19. dxe5 Bg7 20. f4 f6 21. Nxe4 dxe4 22. Bc4+ Kh7 23. f5 gxf5 24. exf6 Bxf6 25. Rcd1 Qe7 26. Bxf6 Qxf6 27. Rd7+ Re7 28. Rxf5 Qa1+ 29. Rf1 1-0

[Event "FIDE Women’s World Rapid Championships 2024"]
[White "Durrfeld, Sofie Bech"]
[Black "Injac, Teodora"]
[Site "New York, USA"]
[Round "1"]
[Board "49"]
[Result "0-1"]
[Date "2024.12.26"]
[WhiteElo "1875"]
[BlackElo "2295"]
[PlyCount "68"]
[GameId "2127263735599287"]
[EventDate "2024.12.26"]
[EventType "rapid"]
[EventRounds "11"]
[EventCountry "FID"]

1. e4 c5 2. Nc3 Nc6 3. Bb5 Nd4 4. Nf3 a6 5. Bd3 g6 6. Rb1 Nc6 7. a3 b5 8. e5 f5 9. Ng5 e6 10. f4 Nxe5 11. fxe5 Qxg5 12. Be2 Qf4 13. d4 Qxd4 14. Qxd4 cxd4 15. Bf3 Rb8 16. Ne2 Nh6 17. Nxd4 Nf7 18. O-O Nxe5 19. Be2 Bc5 20. c3 Nc6 21. Be3 Nxd4 22. cxd4 Bd6 23. Bf3 Bb7 24. Be2 Rc8 25. Rbc1 Kf7 26. g4 Rxc1 27. Rxc1 Rc8 28. gxf5 Rxc1+ 29. Bxc1 exf5 30. h4 Ke6 31. h5 Be7 32. hxg6 hxg6 33. Kf2 Bf6 34. Ke3 Bg5+ 0-1

[Event "FIDE Women’s World Rapid Championships 2024"]
[White "Stanford, Sheila Barth"]
[Black "Guichard, Pauline"]
[Site "New York, USA"]
[Round "1"]
[Board "50"]
[Result "1/2-1/2"]
[Date "2024.12.26"]
[WhiteElo "2103"]
[BlackElo "2316"]
[PlyCount "118"]
[GameId "2127263735599288"]
[EventDate "2024.12.26"]
[EventType "rapid"]
[EventRounds "11"]
[EventCountry "FID"]

1. f4 g6 2. Nf3 Bg7 3. e4 d6 4. d4 c5 5. d5 Nf6 6. Nc3 O-O 7. Be2 e6 8. dxe6 Bxe6 9. O-O Nc6 10. Kh1 Qd7 11. Be3 Rfe8 12. Ng5 Bg4 13. Bxg4 Nxg4 14. Bxc5 Rad8 15. Bg1 h6 16. Nf3 Bxc3 17. bxc3 Rxe4 18. Qd2 Qe6 19. h3 Nf6 20. f5 Qxf5 21. Qxh6 Nh5 22. Bh2 Nf4 23. Nd2 Ree8 24. Rxf4 Qxc2 25. Rh4 Qxc3 26. Qh7+ Kf8 27. Rf1 Qg7 28. Qh8+ Qxh8 29. Rxh8+ Ke7 30. Re1+ Ne5 31. Rxe8+ Kxe8 32. Bxe5 dxe5 33. Rxe5+ Kf8 34. Nf3 Rd3 35. Ra5 a6 36. Kg1 Ke7 37. Kf2 Rc3 38. Nd2 f5 39. Nf3 Kf6 40. Ke2 Rc2+ 41. Nd2 g5 42. Ra3 g4 43. h4 f4 44. Ra4 Kf5 45. Ra5+ Kf6 46. Kd3 Rb2 47. Ne4+ Ke7 48. Nd2 Kf6 49. h5 g3 50. Ne4+ Kg7 51. Nd2 Kh6 52. a4 f3 53. Nxf3 Rxg2 54. Rg5 Ra2 55. Rxg3 Rxa4 56. Rh3 Ra5 57. Kc4 Ra3 58. Ng1 Rxh3 59. Nxh3 Kxh5 1/2-1/2

[Event "FIDE Women’s World Rapid Championships 2024"]
[White "Skripchenko, Almira"]
[Black "Berezovska, Svetlana"]
[Site "New York, USA"]
[Round "1"]
[Board "51"]
[Result "1-0"]
[Date "2024.12.26"]
[WhiteElo "2295"]
[BlackElo "1850"]
[PlyCount "67"]
[GameId "2127263735599289"]
[EventDate "2024.12.26"]
[EventType "rapid"]
[EventRounds "11"]
[EventCountry "FID"]

1. e4 c5 2. Nf3 a6 3. g3 e6 4. Bg2 Nf6 5. d3 Nc6 6. O-O Be7 7. Re1 d6 8. c3 O-O 9. d4 cxd4 10. cxd4 Qc7 11. Nc3 b5 12. e5 dxe5 13. Nxe5 Bb7 14. Nxc6 Bxc6 15. Bxc6 Qxc6 16. d5 Qc4 17. dxe6 fxe6 18. Qe2 Qxe2 19. Rxe2 Bc5 20. Kg2 Rae8 21. Bg5 h6 22. Bxf6 gxf6 23. Ne4 Be7 24. Rc1 f5 25. Nd2 Bf6 26. Nb3 e5 27. Rc6 Ra8 28. Nc5 Rf7 29. Nxa6 Kg7 30. a3 e4 31. Nc7 Rc8 32. Ne6+ Kg6 33. Rxc8 Rd7 34. Nf8+ 1-0

[Event "FIDE Women’s World Rapid Championships 2024"]
[White "Derlich, Sarah Sima"]
[Black "Garcia Martin, Marta"]
[Site "New York, USA"]
[Round "1"]
[Board "52"]
[Result "0-1"]
[Date "2024.12.26"]
[WhiteElo "1807"]
[BlackElo "2291"]
[PlyCount "94"]
[GameId "2127263735599290"]
[EventDate "2024.12.26"]
[EventType "rapid"]
[EventRounds "11"]
[EventCountry "FID"]

1. e4 g6 2. d4 Bg7 3. Nc3 d6 4. Be3 a6 5. Qd2 b5 6. a3 Bb7 7. Bd3 Nd7 8. f4 c5 9. Nf3 cxd4 10. Nxd4 Ngf6 11. h3 Nc5 12. O-O Ncxe4 13. Nxe4 Bxe4 14. Bxe4 Nxe4 15. Qd3 Nc5 16. Qe2 Rc8 17. f5 O-O 18. c3 Qd7 19. Rad1 Rfe8 20. Qg4 e5 21. Ne2 Qc6 22. Ng3 d5 23. Kh1 Na4 24. Rd2 Qc4 25. Qxc4 dxc4 26. Rfd1 e4 27. fxg6 hxg6 28. Ne2 Nc5 29. Bxc5 Rxc5 30. Rd6 Rf5 31. Kg1 e3 32. Rf1 Ree5 33. Rxf5 Rxf5 34. Rd1 Rf2 35. Re1 a5 36. Kh1 Bf8 37. Nd4 Rxb2 38. Rxe3 Bxa3 39. Kg1 Bc5 40. Kf1 Bxd4 41. cxd4 b4 42. Re8+ Kg7 43. Rc8 c3 44. Ke1 a4 45. Kd1 a3 46. Kc1 a2 47. Ra8 Rb1+ 0-1

[Event "FIDE Women’s World Rapid Championships 2024"]
[White "Tokhirjonova, Gulrukhbegim"]
[Black "Machlik, Monika"]
[Site "New York, USA"]
[Round "1"]
[Board "53"]
[Result "1-0"]
[Date "2024.12.26"]
[WhiteElo "2307"]
[BlackElo "2079"]
[PlyCount "117"]
[GameId "2127263735603387"]
[EventDate "2024.12.26"]
[EventType "rapid"]
[EventRounds "11"]
[EventCountry "FID"]

1. Nf3 Nf6 2. c4 e6 3. e3 c5 4. b3 Be7 5. Bb2 Nc6 6. Nc3 O-O 7. d4 cxd4 8. exd4 d5 9. Be2 b6 10. O-O Bb7 11. Re1 Rc8 12. Rc1 Re8 13. h3 Bf8 14. Bf1 g6 15. a3 Bh6 16. Rc2 Na5 17. cxd5 Nxd5 18. Ne4 Qe7 19. b4 Rxc2 20. Qxc2 Rc8 21. Qa4 Nc6 22. Ne5 Bg7 23. Ba6 Nxe5 24. dxe5 Bxa6 25. Qxa6 Rc7 26. Rd1 Rc2 27. Bd4 h5 28. Qa4 Rc7 29. Qb3 Nf4 30. Qf3 Nd5 31. Nf6+ Bxf6 32. exf6 Qf8 33. Be5 Rc8 34. g4 Qh6 35. gxh5 Qxh5 36. Qxh5 gxh5 37. Kh2 Rc2 38. Rg1+ Kf8 39. Rg2 Ke8 40. Rg8+ Kd7 41. Kg2 Re2 42. Bd4 Rd2 43. Be5 Re2 44. Rg5 h4 45. Kf1 Re4 46. Kg2 Re2 47. Kf3 Re1 48. Kg4 Re4+ 49. f4 Re3 50. Rg7 Ke8 51. Rg8+ Kd7 52. Rf8 Rxa3 53. Rxf7+ Ke8 54. Rh7 Ne3+ 55. Kh5 Nf5 56. f7+ Kf8 57. Kg6 Ne7+ 58. Kf6 Ng8+ 59. Kxe6 1-0

[Event "FIDE Women’s World Rapid Championships 2024"]
[White "Kiolbasa, Oliwia"]
[Black "Berezovsky, Fiorina"]
[Site "New York, USA"]
[Round "1"]
[Board "54"]
[Result "1-0"]
[Date "2024.12.26"]
[WhiteElo "2291"]
[BlackElo "1786"]
[PlyCount "81"]
[GameId "2127263735603388"]
[EventDate "2024.12.26"]
[EventType "rapid"]
[EventRounds "11"]
[EventCountry "FID"]

1. e4 c5 2. Nf3 Nc6 3. Bb5 d6 4. O-O Nf6 5. Re1 Bg4 6. h3 Bh5 7. c3 a6 8. Bf1 e5 9. a4 Be7 10. Na3 Bg6 11. d3 O-O 12. Nc4 b5 13. Ne3 b4 14. g4 Qd7 15. Bg2 a5 16. Nh4 Nd8 17. Nxg6 fxg6 18. d4 cxd4 19. cxd4 exd4 20. Qxd4 Ne6 21. Qd1 Rac8 22. b3 Nf4 23. Nc4 Nxg2 24. Kxg2 Qc7 25. g5 Nh5 26. Qd5+ Kh8 27. Ra2 Qc5 28. Nxa5 Nf4+ 29. Bxf4 Rxf4 30. Nc4 Bxg5 31. Nxd6 Qxd5 32. exd5 Rd8 33. Rae2 Rff8 34. Re8 Rdxe8 35. Rxe8 Rxe8 36. Nxe8 Kg8 37. a5 Bd8 38. a6 Bb6 39. Nd6 Kf8 40. Nc8 Bd4 41. a7 1-0

[Event "FIDE Women’s World Rapid Championships 2024"]
[White "Naisanga, Sheba Valentine"]
[Black "Mammadova, Gulnar"]
[Site "New York, USA"]
[Round "1"]
[Board "55"]
[Result "0-1"]
[Date "2024.12.26"]
[WhiteElo "1626"]
[BlackElo "2289"]
[PlyCount "96"]
[GameId "2127263735603389"]
[EventDate "2024.12.26"]
[EventType "rapid"]
[EventRounds "11"]
[EventCountry "FID"]

1. d4 g6 2. e4 Bg7 3. Nc3 c6 4. f4 d5 5. e5 h5 6. h3 Nh6 7. Be3 Nf5 8. Bf2 Qb6 9. b3 Be6 10. Qd2 Nd7 11. Nf3 Qa5 12. Be2 Bh6 13. O-O Bxf4 14. Qxf4 Qxc3 15. Bd3 Qa5 16. Ng5 O-O-O 17. Rfc1 Nf8 18. c4 Kb8 19. cxd5 Qxd5 20. Bc4 Qd7 21. Nxf7 Bxf7 22. e6+ Qc7 23. Qxc7+ Kxc7 24. exf7 e6 25. Rd1 Rd7 26. Rac1 Kd8 27. a4 Rxf7 28. Re1 Kd7 29. Rcd1 Ne7 30. Bg3 Nd5 31. Be5 Rhh7 32. Rf1 Ne3 33. Rxf7+ Rxf7 34. Re1 Nxc4 35. bxc4 g5 36. Rf1 Rxf1+ 37. Kxf1 Ke7 38. Kf2 Nd7 39. c5 Nxe5 40. dxe5 b6 41. cxb6 axb6 42. Ke3 Kd7 43. Kd4 Kc7 44. g3 Kb7 45. Kc4 Ka6 46. g4 hxg4 47. hxg4 Ka5 48. Kb3 c5 0-1

[Event "FIDE Women’s World Rapid Championships 2024"]
[White "Ju, Wenjun"]
[Black "Wagner, Dinara"]
[Site "New York, USA"]
[Round "2"]
[Board "1"]
[Result "1-0"]
[Date "2024.12.26"]
[WhiteElo "2536"]
[BlackElo "2307"]
[PlyCount "89"]
[GameId "2127263830282629"]
[EventDate "2024.12.26"]
[EventType "rapid"]
[EventRounds "11"]
[EventCountry "FID"]

1. d4 Nf6 2. c4 e6 3. Nc3 Bb4 4. e3 O-O 5. Bd3 c5 6. Nf3 d5 7. cxd5 cxd4 8. exd4 exd5 9. O-O Nc6 10. Bg5 Bg4 11. Bxf6 Qxf6 12. Nxd5 Qh6 13. Nxb4 Nxb4 14. Be4 Rad8 15. Qb3 Bxf3 16. Bxf3 Rxd4 17. Rad1 Qd6 18. Rxd4 Qxd4 19. Rd1 Qc5 20. Bxb7 g6 21. a3 Nc2 22. Qd3 Re8 23. Be4 Qe5 24. Qxc2 Qxe4 25. Qxe4 Rxe4 26. Kf1 Re7 27. Rd5 Kg7 28. b4 h5 29. h4 Kf6 30. Ra5 Kg7 31. g3 f6 32. Kg2 Kh6 33. Ra6 Kg7 34. b5 g5 35. hxg5 fxg5 36. a4 g4 37. a5 Rb7 38. b6 axb6 39. Rxb6 Rc7 40. Rb5 Rc1 41. Rxh5 Kg6 42. Rh1 Rc6 43. Ra1 Ra6 44. Ra4 Kf5 45. Kf1 1-0

[Event "FIDE Women’s World Rapid Championships 2024"]
[White "Tan, Zhongyi"]
[Black "Bodnaruk, Anastasia"]
[Site "New York, USA"]
[Round "2"]
[Board "2"]
[Result "1-0"]
[Date "2024.12.26"]
[WhiteElo "2502"]
[BlackElo "2302"]
[PlyCount "139"]
[GameId "2127263830286726"]
[EventDate "2024.12.26"]
[EventType "rapid"]
[EventRounds "11"]
[EventCountry "FID"]

1. d4 Nf6 2. c4 g6 3. Nc3 Bg7 4. e4 d6 5. h3 O-O 6. Be3 e5 7. d5 Na6 8. Bd3 Nh5 9. Be2 Nf4 10. Bf3 Nb4 11. g3 Nfd3+ 12. Kf1 f5 13. a3 Nxb2 14. Qe2 N4d3 15. Rb1 f4 16. Rxb2 Nxb2 17. Bc1 Nxc4 18. Qxc4 fxg3 19. fxg3 a6 20. Kg2 b5 21. Qd3 Bd7 22. Nge2 Rb8 23. Bd2 b4 24. axb4 Rxb4 25. Qxa6 Rb2 26. Bc1 Rb3 27. Qc4 Qb8 28. Be3 Rb2 29. Bg4 Bxg4 30. hxg4 Qc8 31. Rf1 Rxf1 32. Kxf1 Qxg4 33. Kf2 Qd7 34. Qc6 Qf7+ 35. Ke1 h5 36. Qa8+ Kh7 37. Bc1 Rb4 38. Qa5 Rb8 39. Nb5 Qf3 40. Nbc3 Rb6 41. Bg5 Qd3 42. Qa7 Qc4 43. Bd8 Rb3 44. Qxc7 Qxc7 45. Bxc7 Bf8 46. Bd8 Kh6 47. Kf2 g5 48. Nd1 Rb8 49. Ba5 h4 50. Ne3 hxg3+ 51. Nxg3 Kg6 52. Kf3 Rb3 53. Ngf5 Rb7 54. Kg4 Rb1 55. Bc7 Rg1+ 56. Kf3 Rc1 57. Bxd6 Bxd6 58. Nxd6 Rc3 59. Ndf5 Kf6 60. d6 Rc8 61. Nd5+ Ke6 62. Nc7+ Kd7 63. Kg4 Rb8 64. Kxg5 Rb4 65. Nd5 Rb1 66. Kf6 Re1 67. Kxe5 Kc6 68. Nfe7+ Kd7 69. Nf6+ Kd8 70. Nc6+ 1-0

[Event "FIDE Women’s World Rapid Championships 2024"]
[White "Zhao, Xue"]
[Black "Munguntuul, Batkhuyag"]
[Site "New York, USA"]
[Round "2"]
[Board "3"]
[Result "0-1"]
[Date "2024.12.26"]
[WhiteElo "2433"]
[BlackElo "2299"]
[PlyCount "88"]
[GameId "2127263830286727"]
[EventDate "2024.12.26"]
[EventType "rapid"]
[EventRounds "11"]
[EventCountry "FID"]

1. e4 c6 2. d4 d5 3. exd5 cxd5 4. Bd3 Nc6 5. c3 Nf6 6. Bf4 Bg4 7. Qb3 Qd7 8. Nd2 e6 9. Ngf3 Bxf3 10. Nxf3 Bd6 11. Bxd6 Qxd6 12. O-O O-O 13. Qc2 Rac8 14. Qe2 h6 15. Ne5 a6 16. f4 b5 17. a4 b4 18. Bxa6 Rc7 19. Nxc6 Rxc6 20. Bb5 Rc7 21. Qe5 Qb6 22. a5 Qa7 23. f5 bxc3 24. bxc3 exf5 25. Rxf5 Rxc3 26. h3 Rb8 27. Bf1 Re8 28. Qf4 Rce3 29. a6 Re1 30. Rxe1 Rxe1 31. Kh2 Re4 32. Qd6 Rxd4 33. Rf3 Ne4 34. Qd8+ Kh7 35. Rb3 Rd1 36. Rf3 Nf2 37. Be2 Rh1+ 38. Kg3 Ne4+ 39. Kh4 Qd4 40. g4 Ng5 41. Bd3+ g6 42. Bxg6+ Kg7 43. Rg3 Rxh3+ 44. Rxh3 Qf2+ 0-1

[Event "FIDE Women’s World Rapid Championships 2024"]
[White "Injac, Teodora"]
[Black "Dronavalli, Harika"]
[Site "New York, USA"]
[Round "2"]
[Board "4"]
[Result "1/2-1/2"]
[Date "2024.12.26"]
[WhiteElo "2295"]
[BlackElo "2416"]
[PlyCount "71"]
[GameId "2127263830286728"]
[EventDate "2024.12.26"]
[EventType "rapid"]
[EventRounds "11"]
[EventCountry "FID"]

1. d4 d5 2. Nf3 Bf5 3. c4 e6 4. Nc3 Nf6 5. Bg5 c6 6. Qb3 Qb6 7. c5 Qc7 8. e3 Be7 9. Bf4 Qc8 10. h3 Nbd7 11. Qd1 b6 12. b4 a5 13. a3 Ne4 14. Nxe4 Bxe4 15. Be2 O-O 16. O-O Qb7 17. Qd2 axb4 18. axb4 Rxa1 19. Rxa1 Ra8 20. Qc3 bxc5 21. bxc5 f6 22. Nd2 Bg6 23. g4 e5 24. Bg3 exd4 25. Rxa8+ Qxa8 26. exd4 Nf8 27. f4 Bd8 28. f5 Bf7 29. Nb3 Qa3 30. Kf2 h6 31. Qe3 Qb2 32. Bf4 Qc2 33. Qd3 Qb2 34. Qe3 Qa2 35. Qd3 Qb2 36. Qe3 1/2-1/2